Language Quiz

Random Language or Animal Quiz

Chinese Measure words clothes and animals with Pinyin Quiz Stats

 Plays Quiz not verified by Sporcle

Challenge
Share
Tweet
Embed
Score 0/12 Timer 10:00
0 Plays Today
% Correct
条 tiáo
95.7%
只 zhī
91.3%
条 tiáo
91.3%
只 zhī
87%
个 Gè
87%
只 zhī
87%
件 jiàn
82.6%
双 shuāng
82.6%
个 or 口 Gè or kǒu
78.3%
条 tiáo
78.3%
条 tiáo
52.2%
条 or 件 tiáo or jiàn
47.8%

You're not logged in!

Compare scores with friends on all Sporcle quizzes.
Join for Free
OR
Log In

You Might Also Like...

Show Comments

Extras

Top Quizzes Today


Score Distribution

Your Account Isn't Verified!

In order to create a playlist on Sporcle, you need to verify the email address you used during registration. Go to your Sporcle Settings to finish the process.

Report this User

Report this user for behavior that violates our Community Guidelines.

Details: